00696nam a22002051a 450000500170000000800410001702000090005804000260006705000200009308200200011310000330013324500290016626000640019530000180025950001130027760000290039060000300041970000380044985200030048720110718133350.0091005s1994 cou 001 0 eng d c0.00 aNEGST Library - Kenya 4aBS 325.M86 19940 aBS 325.M86 19941 aInternational Bible Society.10aNyaa shoo boo laa a bee. aColorado Springs, Colo. :bInternational Bible Soci,c1994. a782 p. : ill. a"The New Testament in Mumuye language of Nigeria, West Africa." - T.p. verso. Maps on end papers. [Africana]10aMumuye language - Texts.10aBible. N.T. Mumuye. 1994.1 aNigerian Bible Translation Trust.